Institutionum

Gardado en:
Detalles Bibliográficos
Autor Principal: Justiniano I (Author)
Formato: Libro
Idioma:latín
Publicado: Madrid Typographia Regia 1791
Subjects:
Tags: Engadir etiqueta
Sen Etiquetas, Sexa o primeiro en etiquetar este rexistro!

MARC

LEADER 00000nam a2200000 a 4500
001 UCL1069
003 CL-VaPUC
005 20220107104655.0
008 030829e17910000SP |||||||||||||||||lat|d
999 |c 304751  |d 304749 
040 |c Pontificia Universidad Católica de Valparaíso 
082 0 4 |a 340.54  |b JUS  |2 21 
100 |a Justiniano I  |e author  |9 858630 
245 1 0 |a Institutionum 
260 |a Madrid  |b Typographia Regia  |c 1791 
300 |a v 
500 |a v.4: Adjecti sunt ex Digestis Tituli de verborum significatione, de regulis juris 
583 |a last modification  |c 20030829 00:00:00  |k Rodrigo Vera 
650 0 |a Derecho romano  |9 255930 
650 0 |a Código justiniano  |9 395743 
852 |a BIBCUR 
942 |c BK  |2 ddc 
945 |d 20030829 00:00:00  |a cmena 
952 |0 0  |1 0  |4 0  |6 340_540000000000000_JUS_1791  |7 0  |8 DER_HIS  |9 367464  |a BIBDER  |b BIBDER  |d 2019-11-21  |h v.4  |i 208001K  |o 340.54 JUS 1791  |p 208001K  |r 2023-01-25  |w 2019-11-21  |x Ubicación 4to Piso  |y BK_X  |z Estos recursos deben solicitarse con anticipación  |k DER